Κατάλογος Βιβλιοθηκών Mediterranean College

A Manual for Writer of Research Papers, Theses, and Dissertations / Chicago Style for Students and Researchers: Ninth Edition (Record no. 3234)

MARC details
000 -LEADER
fixed length control field 01568cam a22002054a 4500
005 - ΗΜΕΡΟΜΗΝΙΑ ΚΑΙ ΩΡΑ ΤΕΛΕΥΤΑΙΑΣ ΕΝΗΜΕΡΩΣΗΣ
Πεδίο ελέγχου 20250605164109.0
008 - FIXED-LENGTH DATA ELEMENTS--GENERAL INFORMATION
Πεδίο ελέγχου σταθερού μήκους 250528s ||||||||||||||||||||||||d
035 ## - SYSTEM CONTROL NUMBER
System control number 17834
020 ## - ISBN
ISBN 9780226430577
040 ## - ΠΗΓΗ ΚΑΤΑΛΟΓΟΓΡΑΦΗΣΗΣ
Φορέας πρωτότυπης καταλογογράφησης MC Athens Campus Library
Γλώσσα καταλογογράφησης Ελληνικά, Μοντέρνα (1453-)
Modifying agency MC Athens Campus Library
Κανόνες περιγραφικής καταλογογράφησης AACR2
245 1# - ΤΙΤΛΟΣ ΚΑΙ ΔΗΛΩΣΗ ΥΠΕΥΘΥΝΟΤΗΤΑΣ
Τίτλος A Manual for Writer of Research Papers, Theses, and Dissertations / Chicago Style for Students and Researchers: Ninth Edition
250 ## - EDITION STATEMENT
Edition statement 9th
260 ## - PUBLICATION, DISTRIBUTION, ETC.
Name of publisher, distributor, etc. The University Of Chicago Press,
Date of publication, distribution, etc. 2018
300 ## - PHYSICAL DESCRIPTION
Extent 464
520 ## - SUMMARY, ETC.
Summary, etc. This book has helped generations shape their ideas into compelling research papers. Preface, Research and Writing, What Research Is and How Researchers Think About It, Defining a Project: Topic - Question - Working Hypothesis, Finding Useful Sources, Engaging Your Sources, Constructing Your Argument, Planning a First Draft, Drafting Your Paper, Presenting Evidence in Tables and Figures, Revising Your Draft, Writing Your Final Introduction and Conclusion, Revising Sentences, Learning From Comments on Your Paper, Presenting Research in Alternative Forums, On the Spirit of Research, Source Citation, General Introduction to Citation Practices, Notes-Bibliography Style: The Basic Form, Notes-Bibliography Style: Citing Specific Types of Sources, Author-Date Style: The Basic Form, Style, Spelling, Punctuation, Names and Special Terms and Titles of Works, Numbers, Abbreviations, Quatations, Tables and Figures, Appendix: Paper Format and Submission, Bibliography, Index.
700 1# - ΠΡΟΣΘΕΤΗ ΑΝΑΓΡΑΦΗ--ΦΥΣΙΚΟ ΠΡΟΣΩΠΟ
Personal name Turabian Kate L
9 (RLIN) 4109
942 ## - ADDED ENTRY ELEMENTS (KOHA)
Koha item type Books
Holdings
Τύπος τεκμηρίου Βιβλιοθήκη Τρέχουσα τοποθεσία Barcode Αριθμός εισαγωγής Ημερομηνία απόκτησης Ταξιθετικό σύμβολο Αριθμός αντιτύπου Κατάσταση απόσυρσης Κατάσταση χαμένου Κατάσταση κατεστραμμένου Μη δανεισμός Σύνολο δανεισμών Ημερομηνία τελευταίας εμφάνισης Η τιμή ισχύει από
Books MC Athens Campus Library MC Athens Campus Library 9780000032331 7289 05/06/2025 808.06 TUR 1           05/06/2025 05/06/2025

MC Athens Campus Library
Πατησίων 94 & Κοδριγκτώνος 13, 104 34
Πελλήνης 8 & Πατησίων 107, 112 51
Τ: +30 210 8899600

MC Thessaloniki Campus Library
Ίωνος Δραγούμη 21, 54625 | Ίωνος Δραγούμη 15, 54625
Τ: +30 2310 287779 – Τ: +30 2314 440300